Southville International School and Colleges
Your cart is empty.
  • Cart
  • Lists
    Public lists Eva Luna New books Lux_list list_1
    Your lists Log in to create your own lists
  • Log in to your account
  • Your cookies
  • Search history
Southville International School and Colleges
  • Advanced search
  • Recent comments
  • Most popular
  • Libraries

Log in to your account

Log in with GOOGLE


If you do not have an external account, but do have a local account, you can still log in:

  1. Home
  2. MARC view: Super kids 1 :
Normal view MARC view ISBD view

Super kids 1 : (Record no. 12470)

[ view plain ]
MARC details
000 -LEADER
fixed length control field 00594nam a22002057a 4500
003 - CONTROL NUMBER IDENTIFIER
control field OSt
005 - DATE AND TIME OF LATEST TRANSACTION
control field 20140310182355.0
008 - FIXED-LENGTH DATA ELEMENTS--GENERAL INFORMATION
fixed length control field 131001t xxu||||| |||| 00| 0 eng d
020 ## - INTERNATIONAL STANDARD BOOK NUMBER
International Standard Book Number 4931356753
050 ## - LIBRARY OF CONGRESS CALL NUMBER
Classification number LB 1139.3
Item number .B516ss1 1997
082 ## - DEWEY DECIMAL CLASSIFICATION NUMBER
Classification number GS 425
Item number K85 1997
100 ## - MAIN ENTRY--PERSONAL NAME
Personal name Krause, Aleda
9 (RLIN) 22313
245 ## - TITLE STATEMENT
Title Super kids 1 :
Remainder of title student book. /
Statement of responsibility, etc Aleda Krause, Greg Cossu.
260 ## - PUBLICATION, DISTRIBUTION, ETC. (IMPRINT)
Place of publication, distribution, etc Japan :
Name of publisher, distributor, etc Prentice Hall ELT,
Date of publication, distribution, etc 1997
300 ## - PHYSICAL DESCRIPTION
Extent 75 p. :
Other physical details ill. ;
Dimensions 27 cm.
650 ## - SUBJECT ADDED ENTRY--TOPICAL TERM
Topical term or geographic name as entry element Grammar - developing.
9 (RLIN) 22306
650 ## - SUBJECT ADDED ENTRY--TOPICAL TERM
Topical term or geographic name as entry element Learning language.
9 (RLIN) 22307
942 ## - ADDED ENTRY ELEMENTS (KOHA)
Source of classification or shelving scheme Library of Congress Classification
Koha item type
Holdings
Withdrawn status Lost status Source of classification or shelving scheme Damaged status Home library Current library Shelving location Date acquired Total Checkouts Full call number Barcode Date last seen Copy number Price effective from Koha item type
    Library of Congress Classification   Luxembourg Library Luxembourg Library Grade School Section 10/01/2013   LB 1139.3 .B516ss1 1997 2259 05/25/2015 1 10/01/2013 Books

Super kids 1 :

APA

Krause A., . (1997). Super kids 1. Japan: Prentice Hall ELT.

Chicago

Krause Aleda, . 1997. Super kids 1. Japan: Prentice Hall ELT.

Harvard

Krause A., . (1997). Super kids 1. Japan: Prentice Hall ELT.

MLA

Krause Aleda, . Super kids 1. Japan: Prentice Hall ELT. 1997.

  • Place hold
  • Print
  • Cite
  • Add to your cart (remove)
  • Save record
    BIBTEX Dublin Core MARCXML MARC (non-Unicode/MARC-8) MARC (Unicode/UTF-8) MARC (Unicode/UTF-8, Standard) MODS (XML) RIS
  • More searches
    Search for this title in:
    Other Libraries (WorldCat) Other Databases (Google Scholar) Online Stores (Bookfinder.com) Open Library (openlibrary.org)

Exporting to Dublin Core...

SOUTHVILLE LIBRARY

Southville International School and Colleges Library

1281 Tropical Ave. Cor. Luxembourg St., BF Homes International, Las Pinas City

Tel. No. 8256374 / 252358 Loc. 117/146

Powered by Koha